| 000 | 00882nam a2200277 a 4500 | ||
|---|---|---|---|
| 001 | 000002161 | ||
| 003 | DO-SdBNP | ||
| 005 | 20240530073910.0 | ||
| 007 | ta | ||
| 008 | 090701s2005 dr c 000 f spa d | ||
| 020 | _a9993423998 | ||
| 040 |
_aDO-SdBNP _bspa _cBNPHU |
||
| 082 |
_aRD863.44 _bP349a 2005 |
||
| 100 | 1 |
_aPeña Jiménez, Luis, _d1964 _96898 |
|
| 245 | 1 | 0 |
_aAlmas incocentes / _cLuis Peña Jiménez ; prólogo Freddy Antonio Herrera. |
| 250 | _a2a ed. | ||
| 260 |
_a[Santo Domingo] : _bAmigo del Hogar, _c2005. |
||
| 300 |
_a150 p. ; _c20 cm. |
||
| 500 | _aIncluye datos biográficos del autor en solapa de la cubierta | ||
| 590 | _aInventariado, 2020/BT | ||
| 650 | 0 |
_aNovela dominicana _9223 |
|
| 650 | 0 |
_aLiteratura dominicana. _967 |
|
| 700 | 1 |
_aHerrera, Freddy Antonio, _cpról. _96899 |
|
| 910 | _aValidado. Control de calidad MMOLINA | ||
| 942 |
_2ddc _cLBS1 |
||
| 999 |
_c2009 _d2009 |
||